European Geography By Letter E - Picture Quiz - Statistics

General Stats
  • This quiz has been taken 1,434 times
  • The average score is 11 of 18
Answer Stats
Picture Hint Answer % Correct
(structure) Eiffel Tower
99%
(country) Estonia
98%
(currency) Euro
98%
(volcano) Etna
87%
(country) England
86%
(body of water) English Channel
80%
(city) Edinburgh
79%
(animal) Elk
75%
(river) Elbe
62%
(mountain) Elbrus
60%
(city) Eindhoven
57%
(island) Elba
52%
(city) Essen
49%
(river) Ebro
37%
(region) Emilia-Romagna
29%
(island) Euboea
27%
(region) Extremadura
25%
(city) Espoo
9%
No matching quizzes found
Score Distribution
Percent of People with Each Score
Percentile by Number Answered
Your Score History
You have not taken this quiz